Govt. of
Madhya Pradesh

उर्दू की श्रेष्‍ठ प्रेम कहानियां (Record no. 11767)

MARC details
000 -LEADER
fixed length control field 005220000a22001570004500
003 - CONTROL NUMBER IDENTIFIER
control field MACL
005 - DATE AND TIME OF LATEST TRANSACTION
control field 20171122155452.0
008 - FIXED-LENGTH DATA ELEMENTS--GENERAL INFORMATION
fixed length control field 171122b xxu||||| |||| 00| 0 eng d
040 ## - CATALOGING SOURCE
Transcribing agency MACL
100 ## - MAIN ENTRY--PERSONAL NAME
Personal name एस शरत
9 (RLIN) 69480
245 ## - TITLE STATEMENT
Title उर्दू की श्रेष्‍ठ प्रेम कहानियां
260 ## - PUBLICATION, DISTRIBUTION, ETC. (IMPRINT)
Name of publisher, distributor, etc. राहित पब्लिकेशन
Date of publication, distribution, etc. 2002
Place of publication, distribution, etc. दिल्‍ली
350 ## - PRICE (NR) (BK AM CF MU VM SE) [OBSOLETE]
Price 150
650 ## - SUBJECT ADDED ENTRY--TOPICAL TERM
Topical term or geographic name as entry element कहानियां
9 (RLIN) 33092
942 ## - ADDED ENTRY ELEMENTS (KOHA)
Koha item type Hindi Books
Call number prefix 891.433/SHA/S
Source of classification or shelving scheme
Holdings
Withdrawn status Lost status Source of classification or shelving scheme Damaged status Not for loan Home library Current library Date acquired Total Checkouts Full call number Barcode Date last seen Uniform Resource Identifier Price effective from Koha item type
          MACL MACL 22/11/2017   891.433/SHA/S BOOK CRH014853 29/04/2015 11645 15/04/2015 Books